[Event "GRE-ch U16 Girls"]
[Site "Chania"]
[Date "2003.04.22"]
[Round "5"]
[White "Ximitidou, Maria"]
[Black "Sklavou, Stella Anna"]
[Result "0-1"]
[WhiteElo "1435"]
[BlackElo "1365"]
[PlyCount "74"]
[EventDate "2003.04.??"]
[EventType "swiss"]
[EventRounds "7"]
[EventCountry "GRE"]
[SourceTitle "EXT 2005"]
[Source "ChessBase"]
[SourceDate "2004.11.15"]
[SourceVersion "1"]
[SourceVersionDate "2004.11.15"]
[SourceQuality "1"]

1. e4 c6 2. Nc3 d5 3. Nf3 Bg4 4. exd5 cxd5 5. Bb5+ Nc6 6. h3 Bxf3 7. Qxf3 e6 8. 0-0 Qc7 9. Re1 Be7 10. d3 Nf6 11. Bf4 Bd6 12. Bg5 0-0-0 13. Bxc6 Qxc6 14. a4 Be7 15. Qe3 d4 16. Qe5 dxc3 17. bxc3 h6 18. Bd2 Rd5 19. Qe3 Rg5 20. g3 Ra5 21. Rab1 Rxa4 22. Rb2 Nd5 23. Qf3 Bf6 24. d4 Rc4 25. Rb3 Ne7 26. Qe2 Rd8 27. Reb1 b6 28. Ra1 Ra4 29. Rab1 Qc4 30. Qf3 Qd5 31. Qe3 Nf5 32. Rb5 Qc6 33. R5b3 Kd7 34. Qe2 Ke8 35. Rb5 Rd5 36. Rxd5 Qxd5 37. Rb5 Qc4 0-1

[Event "GRE-ch U16 Girls"]
[Site "Chania"]
[Date "2003.04.21"]
[Round "3"]
[White "Manolaraki, Smaragda"]
[Black "Sklavou, Stella Anna"]
[Result "1-0"]
[WhiteElo "1720"]
[BlackElo "1365"]
[PlyCount "59"]
[EventDate "2003.04.??"]
[EventType "swiss"]
[EventRounds "7"]
[EventCountry "GRE"]
[SourceTitle "EXT 2005"]
[Source "ChessBase"]
[SourceDate "2004.11.15"]
[SourceVersion "1"]
[SourceVersionDate "2004.11.15"]
[SourceQuality "1"]

1. e4 c6 2. d4 d5 3. exd5 cxd5 4. Bd3 Nc6 5. c3 Nf6 6. Bf4 Bg4 7. Qb3 Na5 8. Qa4+ Bd7 9. Qc2 e6 10. Nf3 Qb6 11. a4 Qb3 12. Nbd2 Qxc2 13. Bxc2 Be7 14. 0-0 0-0 15. Ne5 Rac8 16. Bg5 Rfd8 17. Bd3 a6 18. f4 Rc7 19. Bh4 Be8 20. f5 h6 21. fxe6 fxe6 22. Ng6 Bxg6 23. Bxg6 Rf8 24. Rae1 Nh7 25. Bxh7+ Kxh7 26. Rxf8 Bxf8 27. Bd8 Rc8 28. Bxa5 Re8 29. Bc7 Kg8 30. Nf3 1-0

[Event "GRE-ch U16 Girls"]
[Site "Chania"]
[Date "2003.04.20"]
[Round "1"]
[White "Sklavou, Stella Anna"]
[Black "Goutioudi, Kiriaki"]
[Result "0-1"]
[WhiteElo "1365"]
[BlackElo "1645"]
[PlyCount "180"]
[EventDate "2003.04.??"]
[EventType "swiss"]
[EventRounds "7"]
[EventCountry "GRE"]
[SourceTitle "EXT 2005"]
[Source "ChessBase"]
[SourceDate "2004.11.15"]
[SourceVersion "1"]
[SourceVersionDate "2004.11.15"]
[SourceQuality "1"]

1. Nf3 Nf6 2. b3 d5 3. Bb2 e6 4. e3 Bd6 5. d4 0-0 6. Be2 Nbd7 7. 0-0 c5 8. c4 cxd4 9. exd4 b6 10. Nbd2 Bb7 11. Rc1 Rc8 12. Bd3 Qe7 13. Qe2 Rfd8 14. Rfe1 Nf8 15. Ne5 Ng6 16. Nxg6 hxg6 17. Nf3 Nh5 18. g3 Bb4 19. Red1 Ba8 20. Ne5 dxc4 21. Rxc4 Nf6 22. Rdc1 Rxc4 23. Rxc4 Nd5 24. Nc6 Bxc6 25. Rxc6 Qg5 26. Bc1 Qf6 27. Bb2 Bd6 28. a3 Qe7 29. b4 Qb7 30. Rc1 Rc8 31. Rxc8+ Qxc8 32. Ba6 Qc7 33. Bc4 Qe7 34. Bxd5 exd5 35. Qxe7 Bxe7 36. Kg2 Kf8 37. Kf3 Ke8 38. Bc1 Kd7 39. Bf4 Kc6 40. Ke3 g5 41. Be5 f6 42. Bb8 Kb7 43. Bxa7 Kxa7 44. Kd3 f5 45. Kc3 g4 46. Kb3 Bg5 47. Ka4 Bd2 48. Kb5 Bc3 49. Kc6 Bxd4 50. Kxd5 Bxf2 51. Ke5 g6 52. Kf6 Bg1 53. Kxg6 Bxh2 54. Kxf5 Bxg3 55. Kxg4 Be5 56. b5 Kb7 57. Kf5 Bd6 58. a4 Kc7 59. Ke6 Bb4 60. Kd5 Kd7 61. Kc4 Ba5 62. Kd5 Ke7 63. Ke5 Bc3+ 64. Kd5 Kf6 65. Kc6 Ba5 66. Kd5 Kf5 67. Kd4 Kf4 68. Kd3 Kf3 69. Kc4 Ke4 70. Kb3 Kd3 71. Kb2 Kc4 72. Ka3 Kc3 73. Ka2 Kb4 74. Kb2 Kxa4 75. Kc2 Kxb5 76. Kb3 Bb4 77. Kb2 Kc4 78. Ka2 Kc3 79. Kb1 Be7 80. Ka2 b5 81. Kb1 b4 82. Ka2 Kc2 83. Ka1 Bf6+ 84. Ka2 b3+ 85. Ka3 b2 86. Ka4 b1Q 87. Ka5 Kc3 88. Ka6 Bd4 89. Ka5 Qb4+ 90. Ka6 Qb6# 0-1